<?xml version="1.0" encoding="UTF-8"?>
<record
    xmlns:xsi="http://www.w3.org/2001/XMLSchema-instance"
    xsi:schemaLocation="http://www.loc.gov/MARC21/slim http://www.loc.gov/standards/marcxml/schema/MARC21slim.xsd"
    xmlns="http://www.loc.gov/MARC21/slim">

  <leader>04198namaa22004451i 4500</leader>
  <controlfield tag="003">OSt</controlfield>
  <controlfield tag="005">20250223033205.0</controlfield>
  <controlfield tag="008">231105s2022    ua a|||frm||| 000 0 eng d</controlfield>
  <datafield tag="040" ind1=" " ind2=" ">
    <subfield code="a">EG-GICUC</subfield>
    <subfield code="b">eng</subfield>
    <subfield code="c">EG-GICUC</subfield>
    <subfield code="d">EG-GICUC</subfield>
    <subfield code="e">rda</subfield>
  </datafield>
  <datafield tag="041" ind1="0" ind2=" ">
    <subfield code="a">eng</subfield>
    <subfield code="b">eng</subfield>
    <subfield code="b">ara</subfield>
  </datafield>
  <datafield tag="049" ind1=" " ind2=" ">
    <subfield code="a">Deposit</subfield>
  </datafield>
  <datafield tag="082" ind1="0" ind2="4">
    <subfield code="a">617.69</subfield>
    <subfield code="2">21</subfield>
  </datafield>
  <datafield tag="092" ind1=" " ind2=" ">
    <subfield code="a">617.69</subfield>
    <subfield code="2">21</subfield>
  </datafield>
  <datafield tag="097" ind1=" " ind2=" ">
    <subfield code="a">Ph.D</subfield>
  </datafield>
  <datafield tag="099" ind1=" " ind2=" ">
    <subfield code="a">Cai01.09.09.Ph.D.2022.Ka.O</subfield>
  </datafield>
  <datafield tag="100" ind1="0" ind2=" ">
    <subfield code="a">Kareem Talaat AbdelWahab Ahmed Ali,</subfield>
    <subfield code="e">preparation.</subfield>
  </datafield>
  <datafield tag="245" ind1="1" ind2="0">
    <subfield code="a">One yaer clinical evaluation of translucent zirconia crowns in dental esthatic zone with biologicaly oriented preperation technique (bopt) versus conventional preperation : </subfield>
    <subfield code="b">Randomized clinical trail / </subfield>
    <subfield code="c">Kareem Talaat AbdelWahab Ahmed Ali ;  Prof. Dr. Amina Zaki, Dr. Rasha Nabil Sami.</subfield>
  </datafield>
  <datafield tag="246" ind1="1" ind2="5">
    <subfield code="a">&#x627; : &#x644;&#x62A;&#x642;&#x648;&#x64A;&#x645; &#x627;&#x644;&#x625;&#x643;&#x644;&#x64A;&#x646;&#x64A;&#x643;&#x649; &#x644;&#x645;&#x62F;&#x629; &#x639;&#x627;&#x645; &#x644;&#x62A;&#x64A;&#x62C;&#x627;&#x646; &#x627;&#x644;&#x632;&#x631;&#x643;&#x648;&#x646;&#x64A;&#x627; &#x627;&#x644;&#x634;&#x641;&#x627;&#x641;&#x629; &#x641;&#x64A; &#x627;&#x644;&#x645;&#x646;&#x637;&#x642;&#x629; &#x627;&#x644;&#x633;&#x646;&#x64A;&#x629; &#x627;&#x644;&#x62C;&#x645;&#x627;&#x644;&#x64A;&#x629; &#x628;&#x627;&#x633;&#x62A;&#x62E;&#x62F;&#x627;&#x645; &#x62A;&#x642;&#x646;&#x64A;&#x629; &#x627;&#x644;&#x62A;&#x62D;&#x636;&#x64A;&#x631;&#x627;&#x644;&#x645;&#x648;&#x62C;&#x647; &#x62D;&#x64A;&#x648;&#x64A;&#x627; &#x645;&#x642;&#x627;&#x631;&#x646;&#x629; &#x628;&#x627;&#x644;&#x62A;&#x62D;&#x636;&#x64A;&#x631; &#x627;&#x644;&#x62A;&#x642;&#x644;&#x64A;&#x62F;&#x649;</subfield>
    <subfield code="b">&#x62A;&#x62C;&#x631;&#x628;&#x629; &#x625;&#x643;&#x644;&#x64A;&#x646;&#x64A;&#x643;&#x629; &#x639;&#x634;&#x648;&#x627;&#x626;&#x64A;&#x629; </subfield>
  </datafield>
  <datafield tag="264" ind1=" " ind2="0">
    <subfield code="c">2022.</subfield>
  </datafield>
  <datafield tag="300" ind1=" " ind2=" ">
    <subfield code="a">128 pages : </subfield>
    <subfield code="b">Illustrations ; </subfield>
    <subfield code="c">25 cm. + </subfield>
    <subfield code="e">CD.</subfield>
  </datafield>
  <datafield tag="336" ind1=" " ind2=" ">
    <subfield code="2">rdacontent</subfield>
    <subfield code="a">text</subfield>
  </datafield>
  <datafield tag="337" ind1=" " ind2=" ">
    <subfield code="2">rdamedia</subfield>
    <subfield code="a">Unmediated</subfield>
  </datafield>
  <datafield tag="338" ind1=" " ind2=" ">
    <subfield code="2">rdacarrier</subfield>
    <subfield code="a">volume</subfield>
  </datafield>
  <datafield tag="502" ind1=" " ind2=" ">
    <subfield code="a">Thesis (Ph.D)-Cairo University, 2022.</subfield>
  </datafield>
  <datafield tag="504" ind1=" " ind2=" ">
    <subfield code="a">Bibliography: pages 119-127. </subfield>
  </datafield>
  <datafield tag="520" ind1=" " ind2=" ">
    <subfield code="a">To evaluate the clinical behavior of translucent zirconia crowns in dental
esthetic zone with biologically oriented preparation technique versus conventional
preparation
Methodology: For teeth in the aesthetic zone, 44 monolithic translucent zirconia single
crowns were fabricated. According to the preparation designs, the patients were
separated into two groups. Group1: conventional (horizontal preparation design)
Group2: BOPT (vertical preparation design). For the first step, after final cementation.
The Modified United States Public Health Service (MUSPH) criteria for restoration
clinical evaluations were used to assess marginal adaption, marginal discoloration and
fracture, patient satisfaction and gingival inflammation score were assessed
immediately after cementation. Then these measures were taken again after three, six,
nine, and twelve months.
</subfield>
  </datafield>
  <datafield tag="520" ind1=" " ind2=" ">
    <subfield code="a">&#x647;&#x62F;&#x641; &#x647;&#x630;&#x647; &#x627;&#x644;&#x62F;&#x631;&#x627;&#x633;&#x629; &#x647;&#x648; &#x627;&#x644;&#x62A;&#x642;&#x648;&#x64A;&#x645; &#x627;&#x644;&#x627;&#x643;&#x644;&#x64A;&#x646;&#x64A;&#x643;&#x64A; &#x644;&#x62A;&#x64A;&#x62C;&#x627;&#x646; &#x627;&#x644;&#x632;&#x631;&#x643;&#x648;&#x646;&#x64A;&#x627; &#x627;&#x644;&#x634;&#x641;&#x627;&#x641;&#x629; &#x641;&#x64A; &#x627;&#x644;&#x645;&#x646;&#x637;&#x642;&#x629; &#x627;&#x644;&#x633;&#x646;&#x64A;&#x629; &#x627;&#x644;&#x62C;&#x645;&#x627;&#x644;&#x64A;&#x629; &#x628;&#x627;&#x633;&#x62A;&#x62E;&#x62F;&#x627;&#x645; &#x62A;&#x642;&#x646;&#x64A;&#x629; &#x627;&#x644;&#x62A;&#x62D;&#x636;&#x64A;&#x631;
&#x627;&#x644;&#x645;&#x648;&#x62C;&#x629; &#x62D;&#x64A;&#x648;&#x64A;&#x627; ) &#x627;&#x644;&#x62A;&#x62D;&#x636;&#x64A;&#x631; &#x627;&#x644;&#x639;&#x645;&#x648;&#x62F;&#x649; ( &#x645;&#x642;&#x627;&#x631;&#x646;&#x629; &#x628;&#x627;&#x644;&#x62A;&#x62D;&#x636;&#x64A;&#x631; &#x627;&#x644;&#x62A;&#x642;&#x644;&#x64A;&#x62F;&#x649; ) &#x627;&#x644;&#x62A;&#x62D;&#x636;&#x64A;&#x631; &#x627;&#x644;&#x639;&#x631;&#x636;&#x64A;( .
&#x627;&#x634;&#x62A;&#x645;&#x644;&#x62A; &#x627;&#x644;&#x62F;&#x631;&#x627;&#x633;&#x647; &#x639;&#x644;&#x649;&#x649; &#x62A;&#x635;&#x646;&#x64A;&#x639; &#x627;&#x631;&#x628;&#x639;&#x629; &#x648; &#x627;&#x631;&#x628;&#x639;&#x648;&#x646; &#x62A;&#x627;&#x62C; &#x645;&#x646; &#x627;&#x644;&#x632;&#x631;&#x643;&#x648;&#x646;&#x64A;&#x627; &#x627;&#x644;&#x634;&#x641;&#x627;&#x641;&#x629; &#x641;&#x64A; &#x627;&#x644;&#x645;&#x646;&#x637;&#x642;&#x629; &#x627;&#x644;&#x633;&#x646;&#x64A;&#x647; &#x627;&#x644;&#x62C;&#x645;&#x627;&#x644;&#x64A;&#x629; &#x648; &#x62A;&#x645; &#x62A;&#x642;&#x633;&#x64A;&#x645; &#x627;&#x644;&#x645;&#x631;&#x636;&#x649; &#x639;&#x644;&#x649;
&#x645;&#x62C;&#x645;&#x648;&#x639;&#x62A;&#x64A;&#x646; :
&#x627;&#x644;&#x645;&#x62C;&#x645;&#x648;&#x639;&#x629; &#x627;&#x644;&#x623;&#x648;&#x644;&#x649;: &#x645;&#x62C;&#x645;&#x648;&#x639;&#x647; &#x627;&#x644;&#x62A;&#x62D;&#x636;&#x64A;&#x631; &#x627;&#x644;&#x62A;&#x642;&#x644;&#x64A;&#x62F;&#x649; )&#x627;&#x644;&#x62A;&#x62A;&#x62D;&#x636;&#x64A;&#x631; &#x627;&#x644;&#x639;&#x636;&#x631;&#x649; (.
&#x627;&#x644;&#x645;&#x62C;&#x645;&#x648;&#x639;&#x629; &#x627;&#x644;&#x62B;&#x627;&#x646;&#x64A;&#x629; : &#x645;&#x62C;&#x645;&#x648;&#x639;&#x629; &#x627;&#x644;&#x62A;&#x62D;&#x636;&#x64A;&#x631; &#x627;&#x644;&#x645;&#x648;&#x62C;&#x647; &#x62D;&#x64A;&#x648;&#x64A;&#x627; )&#x627;&#x644;&#x62A;&#x62D;&#x636;&#x64A;&#x631; &#x627;&#x644;&#x639;&#x645;&#x648;&#x62F;&#x649; (.
&#x62A;&#x645; &#x639;&#x645;&#x644; &#x62E;&#x637;&#x648;&#x629; &#x62A;&#x64A;&#x62C;&#x627;&#x646; &#x645;&#x624;&#x642;&#x62A;&#x629; &#x628;&#x627;&#x633;&#x62A;&#x62E;&#x62F;&#x627;&#x645; &#x62A;&#x64A;&#x62C;&#x627;&#x646; &#x628;&#x644;&#x627;&#x633;&#x62A;&#x64A;&#x643;&#x64A;&#x647; &#x648; &#x644;&#x635;&#x642;&#x647;&#x627; &#x628;&#x635;&#x648;&#x631;&#x629; &#x645;&#x624;&#x642;&#x62A;&#x629; &#x644;&#x62D;&#x64A;&#x646; &#x627;&#x644;&#x627;&#x646;&#x62A;&#x647;&#x627;&#x621; &#x645;&#x646; &#x62A;&#x635;&#x646;&#x64A;&#x639; &#x627;&#x644;&#x62A;&#x64A;&#x62C;&#x627;&#x646; &#x627;&#x644;&#x646;&#x647;&#x627;&#x626;&#x64A;&#x647; &#x645;&#x646;
&#x645;&#x627;&#x62F;&#x647; &#x627;&#x644;&#x632;&#x631;&#x643;&#x648;&#x646;&#x64A;&#x627; &#x627;&#x644;&#x634;&#x641;&#x627;&#x641;&#x647; &#x627;&#x644;&#x645;&#x62A;&#x62C;&#x627;&#x646;&#x633;&#x629; . &#x62A;&#x645; &#x627;&#x633;&#x62A;&#x62E;&#x62F;&#x627;&#x645; &#x62A;&#x642;&#x646;&#x64A;&#x629; &#x627;&#x644;&#x643;&#x627;&#x62F; /&#x643;&#x627;&#x645; &#x644;&#x62A;&#x635;&#x646;&#x64A;&#x639; &#x643;&#x644;&#x627; &#x645;&#x646; &#x627;&#x644;&#x62A;&#x64A;&#x62C;&#x627;&#x646; &#x627;&#x644;&#x628;&#x644;&#x627;&#x633;&#x62A;&#x64A;&#x643;&#x64A;&#x629; &#x648; &#x62A;&#x64A;&#x62C;&#x627;&#x646; &#x627;&#x644;&#x632;&#x643;&#x648;&#x646;&#x64A;&#x627; &#x627;&#x644;&#x634;&#x641;&#x627;&#x641;&#x629;
&#x627;&#x644;&#x645;&#x62A;&#x62C;&#x627;&#x646;&#x633;&#x629; .
</subfield>
  </datafield>
  <datafield tag="530" ind1=" " ind2=" ">
    <subfield code="a">Issues also as CD.</subfield>
  </datafield>
  <datafield tag="546" ind1=" " ind2=" ">
    <subfield code="a">Text in English and abstract in Arabic &amp; English.</subfield>
  </datafield>
  <datafield tag="650" ind1="1" ind2="2">
    <subfield code="a">Technology, Dental </subfield>
    <subfield code="x">methods.</subfield>
  </datafield>
  <datafield tag="650" ind1="2" ind2="2">
    <subfield code="a">Technology, Dental </subfield>
    <subfield code="x">instrumentation.</subfield>
  </datafield>
  <datafield tag="653" ind1=" " ind2="0">
    <subfield code="a">Public Health Service</subfield>
  </datafield>
  <datafield tag="700" ind1="0" ind2=" ">
    <subfield code="a">Amina Zaki,</subfield>
    <subfield code="e">thesis advisor.</subfield>
  </datafield>
  <datafield tag="700" ind1="0" ind2=" ">
    <subfield code="a">Rasha Nabil Sami,</subfield>
    <subfield code="e">thesis advisor.</subfield>
  </datafield>
  <datafield tag="700" ind1="0" ind2=" ">
    <subfield code="a">Samaa Nagi Kotb,</subfield>
    <subfield code="e">thesis advisor.</subfield>
  </datafield>
  <datafield tag="856" ind1=" " ind2=" ">
    <subfield code="u">http://172.23.153.220/th.pdf</subfield>
  </datafield>
  <datafield tag="900" ind1=" " ind2=" ">
    <subfield code="b">01-01-2022</subfield>
    <subfield code="c">Amina Zaki</subfield>
    <subfield code="c">Rasha Nabil Sami</subfield>
    <subfield code="c">Samaa Nagi Kotb</subfield>
    <subfield code="d">Hanaa Ibrahim Sallam</subfield>
    <subfield code="d">Marwa Mohammed Wahsh</subfield>
    <subfield code="U">Cairo University</subfield>
    <subfield code="F">Faculty of Dentistry</subfield>
    <subfield code="D">Department of Fixed Prosthodontics</subfield>
  </datafield>
  <datafield tag="905" ind1=" " ind2=" ">
    <subfield code="a">Hanan</subfield>
  </datafield>
  <datafield tag="942" ind1=" " ind2=" ">
    <subfield code="2">ddc</subfield>
    <subfield code="c">TH</subfield>
    <subfield code="e">21</subfield>
    <subfield code="n">0</subfield>
  </datafield>
  <datafield tag="999" ind1=" " ind2=" ">
    <subfield code="c">165620</subfield>
    <subfield code="d">165620</subfield>
  </datafield>
  <datafield tag="952" ind1=" " ind2=" ">
    <subfield code="2">ddc</subfield>
    <subfield code="7">1</subfield>
    <subfield code="a">CUCL</subfield>
    <subfield code="b">cl210</subfield>
    <subfield code="d">2024-02-11</subfield>
    <subfield code="o">Cai01.09.09.Ph.D.2022.Ka.O</subfield>
    <subfield code="p">01010110087535000</subfield>
    <subfield code="r">2023-11-05 00:00:00</subfield>
    <subfield code="y">TH</subfield>
  </datafield>
</record>
